000 00501nam a2200181Ia 4500
003 GCL
008 140319s9999 xx 000 0 eng d
040 _aGCL /
_cGCL
082 0 4 _a636.1
_bE A
100 1 _aENGLAND, GARY
245 1 0 _aALLEN'S FERTILITY AND OBSTETRICS IN THE HORSE /
_cENGLAND, GARY
260 _a[S.N] :
_bBLACK WELL SCIENCE ،
_c1996
300 _a241 P
650 0 4 _aHORSES - REPRODUCTION
650 0 4 _aVETERINARY - OBSTETRICS
650 0 4 _aANIMAL HUSBANDRY
942 _2ddc
_cBK
999 _c13150
_d13150